| 000 | 00546nam a22001697a 4500 | ||
|---|---|---|---|
| 003 | NUST | ||
| 038 | _aNusrat Nadeem | ||
| 082 | _a200 | ||
| 100 |
_aInayat, Komal _997091 |
||
| 245 |
_aSignal Processing for Frequency Agile Radar / _cKomal Inayat |
||
| 264 |
_aIslamabad : _bSEECS, NUST, _c2022. |
||
| 300 | _a66 p. ; | ||
| 650 |
_aMS-Electrical Engineering _923567 |
||
| 700 |
_aSupervisor: Dr. Hammad Mehmood Cheema : Co-supervisor Dr. Rehan Ahmed _997092 |
||
| 856 | _uhttp://10.250.8.41:8080/xmlui/handle/123456789/29767 | ||
| 942 |
_2ddc _cSC |
||
| 999 |
_c590940 _d590940 |
||